Pokémon GO Tyranitar Attacks - Statistics

General Stats
  • This quiz has been taken 9 times
    8 since last reset
  • The average score is 3 of 6
Answer Stats
Answer % Correct
Charge Attack Crunch
86%
Fast Attack Bite
71%
Charge Attack Stone Edge
71%
Fast Attack Smack Down (Legacy)
43%
Charge Attack Fire Blast
29%
Fast Attack Iron Tail
29%
No matching quizzes found
Score Distribution
Percent of People with Each Score
Percentile by Number Answered
Your Score History
You have not taken this quiz since the last reset